| 000 | 01082aam a2200337 i 4500 | ||
|---|---|---|---|
| 001 | vtls000919477 | ||
| 003 | PNM | ||
| 005 | 20210926122501.0 | ||
| 008 | 201125s2020 my a e 000 0 eng | ||
| 015 | _aM21-01052 | ||
| 020 |
_a9789672459064 _qpaperback _cRM30.00 |
||
| 039 | 9 |
_a202104281215 _bsham _c202102262244 _dazizan _c202102101117 _dklyene _c202011260855 _danis_o |
|
| 040 |
_aBNM _beng _cBNM _erda _dPPAK |
||
| 049 | _amal | ||
| 082 | 0 | 4 |
_a158.1 _223 |
| 090 | 0 | 0 |
_a158.1 _bAIM _dG |
| 100 | 0 |
_aAiman Azlan, _eauthor. |
|
| 245 | 1 | 0 |
_aUNFOLLOW THE FLOW : _bOwning Your Life Driven By Passion And Purpose / _cAIMAN AZLAN |
| 264 | 1 |
_aSERI KEMBANGAN, SELANGOR : _bIMAN PUBLICATION SDN BHD, _c[2020] |
|
| 300 |
_a202 pages : _billustrations ; _c21 cm |
||
| 336 |
_atext _2rdacontent |
||
| 337 |
_aunmediated _2rdamedia |
||
| 338 |
_avolume _2rdacarrier |
||
| 650 | 1 | 0 | _aMotivation (Psychology) |
| 650 | 2 | 0 | _aAttitude (Psychology) |
| 650 | 2 | 0 | _aSelf-actualization (Psychology) |
| 650 | 2 | 0 | _aDecision making |
| 942 |
_2ddc _cB |
||
| 949 | _62000788671 | ||
| 949 | _62000788672 | ||
| 999 |
_c185020 _d185020 |
||